| 000 | 00432 a2200157 4500 | ||
|---|---|---|---|
| 020 | _a8176482765 | ||
| 040 | _aDLC | ||
| 082 | _a005.2762 | ||
| 100 | _aKhurana, Rohit | ||
| 245 |
_a JavaScript _cRohit Khurana |
||
| 260 |
_aNew Delhi : _bAPH Publishing Corporation, _c2002. |
||
| 300 |
_aiv, 230 p. : _bill. ; _c24 cm. |
||
| 500 | _aIncludes Index | ||
| 650 | _aJavaScript (Computer program language) | ||
| 942 |
_cBK _k005.2762 KHU _2ddc |
||
| 999 |
_c6224 _d6224 |
||